000 00180 a2200097 4500
020 _a072742005995
041 _aeng
100 _aKurtz, Katherine
245 _aThe Adept
942 _cBK
999 _c7861
_d7861